NCAA Total Offense Quiz - Statistics

General Stats
  • This quiz has been taken 7 times
  • The average score is 3 of 6
Answer Stats
Hint Answer % Correct
Season yards (2019 LSU) 6,040 Joe Burrow
100%
Single game yards (2016 Texas Tech) 819 Patrick Mahomes
67%
Career yards (2007-2011 Houston) 20,114 Case Keenum
33%
Most games gaining 400 yards or more, career (2007-2011 Houston, 2006-2008 Texas Tech) 21 Case Keenum, Graham Harrell
33%
Most games gaining 400 yards or more, season (2003 Texas Tech) B.J. Symons
17%
Yards per game, season (1990 Houston) 476.4 David Klingler
17%
No matching quizzes found
Score Distribution
Percent of People with Each Score
Percentile by Number Answered
Your Score History
You have not taken this quiz